000 00911nam a2200289 i 4500
001 000022620
003 DO-SdBNP
005 20230523114330.0
007 ta
008 101014s1999 dr ac 001 0 spa d
020 _a0967170508
040 _aDO-SdBNP
_bspa
_cBNPHU
_erda
082 4 _a927.96357
_bS715m
_222
100 1 _aMalone, J.C.
_946555
245 1 0 _aSammy Sosa en 9 innings /
_cJ. C. Malone.
264 _aNew York :
_bEditorial Miglo,
_c1999.
300 _a151 páginas :
_bilustraciones, retratos ;
_c22 cm.
336 _2rdacontent
_atexto
_btxt
337 _2rdamedia
_asin mediación
_bn
338 _2rdacarrier
_avolume
_bnc
590 _aInventariado, 2023/MFF
600 1 4 _aSosa, Sammy,
_d1968-
650 4 _aJugadores de beisbol
_zRepública Dominicana
_983386
651 4 _aRepública Dominicana
_vBiografías
_91083
910 _aValidado. Control de calidad MFF
942 _2ddc
_cLBS1
999 _c22117
_d22117